000 00524nam a2200169Ia 4500
008 090711s9999 xx 000 0 und d
082 _b56248
100 _aबेहेरे माधव उाgऎ.
245 _aभविष्यदर्पण
260 _c1986
300 _a100
600 _aबेहेरे माधव उाgऎ.
630 _aभविष्यदर्पण
700 _aबेहेरे माधव उाgऎ.
730 _aभविष्यदर्पण
942 _cBOOK
999 _c307817
_d307817